000
00228nam a22001097a 4500
041
_a
eng
080
_a
80
100
_a
Muller, Helmut M.
245
_a
Schlaglichter der deutschen Geschichte.
650
_a
German
999
_c
280682
_d
280682
942
_c
BK